| 000 | 00478nam a2200169 a 4500 | ||
|---|---|---|---|
| 001 | 22994 | ||
| 005 | 20180713221006.0 | ||
| 008 | 140415s1982 000 0 spa d | ||
| 041 | _aspa | ||
| 082 |
_a621.194 _bSHI |
||
| 100 | 1 | _aSHIELD, CARL D. | |
| 245 | 1 | 0 |
_aCALDERAS : _bTIPOS, CARACTERISTICAS Y SUS FUNCIONES |
| 260 |
_a[s.l.] : _bCOMPAÑIA EDITORIAL CONTINENTAL, _c1982 |
||
| 300 | _a716 | ||
| 650 | 1 | 4 | _aCALDERAS |
| 700 | 1 |
_aESCOBEDO ORTEGA, AARON _etr. |
|
| 999 |
_c22994 _d22994 |
||